|
|
|
|
| LEADER |
01227nam a2200265 a 4500 |
| 001 |
1423067 |
| 008 |
091105s1984 ctua b 000 0 eng d |
| 010 |
|
|
|a 84000914
|
| 020 |
|
|
|a 0931816319 (pbk.)
|
| 020 |
|
|
|a 0931816483
|
| 040 |
|
|
|a DLC
|c DLC
|d DLC
|d OCoLC
|
| 082 |
0 |
0 |
|a 338.9
|2 19
|
| 245 |
0 |
0 |
|a People-centered development :
|b contributions toward theory and planning frameworks /
|c edited by David C. Korten and Rudi Klauss.
|
| 260 |
|
|
|a West Hartford, Conn. :
|b Kumarian Press,
|c 1984.
|
| 300 |
|
|
|a xi, 333 p. :
|b ill. ;
|c 23 cm.
|
| 504 |
|
|
|a Includes Bibliography (p. 311-333.)
|
| 541 |
1 |
|
|e 00002499
|
| 650 |
|
0 |
|a Economic development
|x Environmental aspects.
|
| 650 |
|
0 |
|a Economic development
|x Social aspects.
|
| 700 |
1 |
|
|a Korten, David C.
|
| 700 |
1 |
|
|a Klauss, Rudi.
|
| 852 |
4 |
|
|a Ayesha Abed Library
|j General Shelf
|
| 999 |
|
|
|c 5721
|d 5721
|
| 952 |
|
|
|0 0
|1 0
|2 ddc
|4 0
|6 338_900000000000000_PEO_1984
|7 0
|9 5655
|a BRACUL
|b BRACUL
|c GEN
|d 2009-11-21
|g 2350.00
|l 1
|m 3
|o 338.9 PEO
|p 3010002499
|r 2020-01-21
|s 2019-08-03
|t 1
|w 2009-11-21
|y BK
|
| 952 |
|
|
|0 0
|1 0
|2 ddc
|4 0
|6 338_900000000000000_PEO_1984
|7 0
|9 5670
|a BRACUL
|b BRACUL
|c GEN
|d 2009-11-21
|g 0.00
|l 0
|o 338.9 PEO
|p 3010000888
|r 2009-11-21
|t 1
|w 2009-11-21
|y BK
|x No price found in the accession register.
|